书目信息 |
| 题名: |
彩色电视机选择、使用和维修100问
|
|
| 作者: | 高雨春 编著 | |
| 分册: | ||
| 出版信息: | 北京 中国广播电视出版社 1990.06 |
|
| 页数: | 243页 | |
| 开本: | 19cm | |
| 丛书名: | ||
| 单 册: | ||
| 中图分类: | TN949.12 | |
| 科图分类: | ||
| 主题词: | 电视--各种体制 | |
| 电子资源: | ||
| ISBN: | 7-5043-0452-2 | |
| 000 | 00604nam0 2200193 450 | |
| 001 | 0731251836 | |
| 005 | 20071218085506.58 | |
| 010 | @a7-5043-0452-2@dCNY4.00 | |
| 100 | @a20071218d1990 km y0chiy0120 ea | |
| 101 | 0 | @achi |
| 102 | @aCN@b110000 | |
| 200 | 1 | @a彩色电视机选择、使用和维修100问@Acai se dian shi ji xuan ze、shi yong he wei xiu 100 wen@f高雨春编著@Fgao yu chun bian zhu |
| 210 | @a北京@c中国广播电视出版社@d1990.06 | |
| 215 | @a243页@d19cm | |
| 606 | 0 | @a电视@x各种体制 |
| 690 | @aTN949.12@v4 | |
| 701 | 0 | @a高雨春@Agao yu chun@4编著 |
| 801 | 0 | @aCN@bPFT@c20071218 |
| 905 | @aBZT@dTN949.12@e17 | |
| 彩色电视机选择、使用和维修100问/高雨春编著.-北京:中国广播电视出版社,1990.06 |
| 243页;19cm |
| ISBN 7-5043-0452-2:CNY4.00 |
| ● |
| 相关链接 |
|
|
|
正题名:彩色电视机选择、使用和维修100问
索取号:TN949.12/17
 
预约/预借
| 序号 | 登录号 | 条形码 | 馆藏地/架位号 | 状态 | 备注 |
| 1 | 005681 | 220000857 | 中心书库中库/ 中库028架B面3列1层40/ [索取号:TN949.12/17] | 在馆 | |
| 2 | 005682 | 220000723 | 中心书库中库/ 中库028架B面3列1层51/ [索取号:TN949.12/17] | 在馆 | |
| 3 | 005683 | 220000722 | 中心书库中库/ 中库028架B面3列1层39/ [索取号:TN949.12/17] | 在馆 | |
| 4 | 005685 | 220000855 | 中心书库中库/ 中库028架B面3列1层52/ [索取号:TN949.12/17] | 在馆 |